| 000 | 00470nmm a2200169Ia 4500 | ||
|---|---|---|---|
| 008 | 251105s9999||||xx |||||||||||||||||und|| | ||
| 020 | _a9789585641594 | ||
| 041 | _aspa | ||
| 100 | _aVillegas, Marcela | ||
| 245 | 0 | _aCamposanto | |
| 264 |
_a[Bogotá, Colombia] : _bSílaba Editores, _c2021 |
||
| 300 | _a104 páginas | ||
| 490 | _aTrazos y sílabas | ||
| 650 | _aLatin American narrative | ||
| 856 | _uhttps://public.digitaliapublishing.com/a/100503 | ||
| 942 | _cCF | ||
| 999 |
_c95172 _d95172 |
||